000 00302nam a22001337a 4500
020 _a978-81-264-2499-3
082 _a823
_bNAM/T
100 _aNAMBIAR, APARNA
245 _aTHE EGGLESS CAKE & VINOO IS SHY
260 _aKOTTAYA
_bDC BOOKS
300 _a21
650 _aENGLISH SHORT STORY
942 _cBK
999 _c3300
_d3300